000
00297nam a2200121 a 4500
005
20140414131909.0
008
101011s19uu xx 00 eng d
050
_a
ER
_b
T48 1993
100
_a
Fox, Mem
245
_a
Time for bed.
260
_a
New York :
_b
Harcourt Brace,
_c
1993.
999
_c
111138
_d
111138